|
|
|
|
| LEADER |
00000cam a22000004a 4500 |
| 001 |
musev2_20876 |
| 003 |
MdBmJHUP |
| 005 |
20230905042229.0 |
| 006 |
m o d |
| 007 |
cr||||||||nn|n |
| 008 |
130107s2011 dcu o 00 0 eng d |
| 020 |
|
|
|a 9780813219141
|
| 020 |
|
|
|z 9780813218571
|
| 035 |
|
|
|a (OCoLC)823577490
|
| 040 |
|
|
|a MdBmJHUP
|c MdBmJHUP
|
| 245 |
0 |
0 |
|a Person, Being, and History /
|c edited by Michael Baur & Robert E. Wood.
|
| 264 |
|
1 |
|a Washington, D.C. :
|b Catholic University of America Press,
|c 2011.
|
| 264 |
|
3 |
|a Baltimore, Md. :
|b Project MUSE,
|c 2013
|
| 264 |
|
4 |
|c ©2011.
|
| 300 |
|
|
|a 1 online resource (388 pages).
|
| 336 |
|
|
|a text
|b txt
|2 rdacontent
|
| 337 |
|
|
|a computer
|b c
|2 rdamedia
|
| 338 |
|
|
|a online resource
|b cr
|2 rdacarrier
|
| 505 |
0 |
|
|a pt. 1. Themes in the philosophy of Kenneth L. Schmitz -- pt. 2. Reading the history of philosophy in the spirit of Kenneth L. Schmitz -- pt. 3. Themes in the spirit of Kenneth L. Schmitz.
|
| 588 |
|
|
|a Description based on print version record.
|
| 600 |
1 |
7 |
|a Schmitz, Kenneth L.
|2 fast/nic/nac
|
| 600 |
1 |
7 |
|a Schmitz, Kenneth L.
|2 fast
|0 (OCoLC)fst01986080
|
| 600 |
1 |
7 |
|a Hegel, Georg Wilhelm Friedrich,
|d 1770-1831.
|2 fast
|0 (OCoLC)fst00031816
|
| 600 |
1 |
0 |
|a Hegel, Georg Wilhelm Friedrich,
|d 1770-1831.
|
| 600 |
1 |
0 |
|a Schmitz, Kenneth L.
|
| 650 |
|
7 |
|a Philosophy
|2 fast
|0 (OCoLC)fst01060777
|
| 650 |
|
7 |
|a Catholic Church and philosophy
|2 fast
|0 (OCoLC)fst00849127
|
| 650 |
|
7 |
|a PHILOSOPHY
|x Metaphysics.
|2 bisacsh
|
| 650 |
|
7 |
|a PHILOSOPHY
|x History & Surveys
|x Modern.
|2 bisacsh
|
| 650 |
|
7 |
|a PHILOSOPHY
|x History & Surveys
|x General.
|2 bisacsh
|
| 650 |
|
7 |
|a philosophy.
|2 aat
|
| 650 |
|
6 |
|a Église catholique et philosophie.
|
| 650 |
|
6 |
|a Philosophie.
|
| 650 |
|
2 |
|a Philosophy
|
| 650 |
|
0 |
|a Catholic Church and philosophy.
|
| 650 |
|
0 |
|a Philosophy.
|
| 655 |
|
7 |
|a Electronic books.
|2 local
|
| 700 |
1 |
|
|a Wood, Robert E.,
|d 1934-
|
| 700 |
1 |
|
|a Baur, Michael.
|
| 700 |
1 |
|
|a Schmitz, Kenneth L.
|
| 710 |
2 |
|
|a Project Muse.
|e distributor
|
| 830 |
|
0 |
|a Book collections on Project MUSE.
|
| 856 |
4 |
0 |
|z Texto completo
|u https://projectmuse.uam.elogim.com/book/20876/
|
| 945 |
|
|
|a Project MUSE - Custom Collection
|
| 945 |
|
|
|a Project MUSE - 2011 Complete Supplement
|
| 945 |
|
|
|a Project MUSE - 2011 Philosophy and Religion Supplement
|